[Event "EU-chT Seniors 07th"]
[Site "Dresden"]
[Date "2005.02.21"]
[Round "4"]
[White "Klundt, Klaus"]
[Black "Khmiadashvili, Tamari"]
[Result "1-0"]
[WhiteElo "2385"]
[BlackElo "2257"]
[EventDate "2005.02.18"]
[PlyCount "83"]

1.e4 c6 2.c4 e5 3.Nf3 d6 4.d4 Bg4 5.Be2 Nd7 6.Nc3 Ngf6 7.O-O Bxf3 8.Bxf3 
Be7 9.Be3 O-O 10.Qc2 Qc7 11.Rad1 Rfd8 12.Be2 Nf8 13.Kh1 Ne6 14.d5 cxd5 15.
exd5 Nf8 16.b4 b6 17.Rc1 Qd7 18.f3 Rab8 19.Rfd1 Ne8 20.a4 g6 21.Qa2 a5 22.
bxa5 bxa5 23.Nb5 Ra8 24.Qd2 Rdb8 25.c5 dxc5 26.Bxc5 Bxc5 27.Rxc5 Rc8 28.
Rxc8 Qxc8 29.d6 Nd7 30.Rc1 Qd8 31.Nc7 Rb8 32.Bb5 Nef6 33.Nd5 Nxd5 34.Qxd5 
Qg5 35.f4 Nb6 36.Qxe5 Qxe5 37.fxe5 Rd8 38.Kg1 Kf8 39.Kf2 Nd5 40.Kf3 f6 41.
Ke4 Nb4 42.Rc7 1-0

[Event "EU-chT Seniors 07th"]
[Site "Dresden"]
[Date "2005.02.21"]
[Round "4"]
[White "Krieger, Hermann"]
[Black "Hermann, Armin"]
[Result "1/2-1/2"]
[WhiteElo "2260"]
[BlackElo "2151"]
[EventDate "2005.02.18"]
[PlyCount "61"]

1.e4 c6 2.d4 d5 3.exd5 cxd5 4.c4 dxc4 5.Bxc4 e6 6.Nf3 Nf6 7.O-O Be7 8.Nc3 
O-O 9.Qe2 Bd7 10.Rd1 Bc6 11.Ne5 Bd5 12.Bd3 Nc6 13.Nxd5 exd5 14.Nxc6 bxc6 
15.Bg5 Re8 16.Qc2 Qb6 17.Bxf6 Bxf6 18.Bxh7+ Kh8 19.Rd3 Qb4 20.Rf1 Re1 21.
Rh3 Rxf1+ 22.Kxf1 Bg5 23.Qxc6 Rd8 24.Qc3 Qb6 25.Bc2+ Kg8 26.Rg3 Bh6 27.b3 
Qa6+ 28.Qd3 Qxa2 29.Rf3 Qa1+ 30.Qd1 Qb2 31.Qd3 1/2-1/2

[Event "EU-chT Seniors 07th"]
[Site "Dresden"]
[Date "2005.02.21"]
[Round "4"]
[White "Kristiansen, Erling"]
[Black "Petzold, Hans"]
[Result "1/2-1/2"]
[WhiteElo "2267"]
[BlackElo "2137"]
[EventDate "2005.02.18"]
[PlyCount "47"]

1.d4 e6 2.c4 Nf6 3.Nc3 Bb4 4.e3 O-O 5.Nf3 Bxc3+ 6.bxc3 d6 7.Bd3 Re8 8.O-O 
Nc6 9.e4 Nd7 10.Nd2 e5 11.Nb3 a5 12.a4 Nf8 13.d5 Ne7 14.c5 Nfg6 15.c4 Nf4 
16.cxd6 cxd6 17.c5 Nxd3 18.Qxd3 dxc5 19.Qg3 b6 20.f4 exf4 21.Bxf4 Ra7 22.
Rfd1 Ng6 23.Nd2 Qf6 24.Bc7 1/2-1/2

[Event "EU-chT Seniors 07th"]
[Site "Dresden"]
[Date "2005.02.21"]
[Round "4"]
[White "Lenk, Wolfgang"]
[Black "Hoen, Ragnar Harald"]
[Result "1/2-1/2"]
[WhiteElo "2193"]
[BlackElo "2271"]
[EventDate "2005.02.18"]
[PlyCount "35"]

1.e4 e5 2.Nf3 Nf6 3.Nxe5 d6 4.Nf3 Nxe4 5.c4 Nf6 6.d4 Be7 7.Bd3 O-O 8.O-O 
Bg4 9.h3 Bh5 10.Be3 Nc6 11.Nbd2 Re8 12.a3 d5 13.c5 a6 14.Qc2 Bg6 15.Bxg6 
hxg6 16.Rfe1 Ne4 17.Nxe4 dxe4 18.Qxe4 1/2-1/2

[Event "EU-chT Seniors 07th"]
[Site "Dresden"]
[Date "2005.02.21"]
[Round "4"]
[White "Lieb, Harald"]
[Black "Betz, Egon"]
[Result "1-0"]
[WhiteElo "2276"]
[BlackElo "2031"]
[EventDate "2005.02.18"]
[PlyCount "81"]

1.d4 f5 2.g3 Nf6 3.Bg2 g6 4.Nf3 Bg7 5.O-O O-O 6.c4 d6 7.Nc3 Qe8 8.d5 Na6 
9.Rb1 c5 10.dxc6 bxc6 11.b4 Rb8 12.a3 Nc7 13.Be3 Ng4 14.Bxa7 Ra8 15.Bd4 e5
16.Bb6 Qe7 17.c5 d5 18.Bxc7 Qxc7 19.Nxd5 Qf7 20.Ng5 Qb7 21.Qb3 Kh8 22.Nb6 
Ra7 23.Nxc8 Qxc8 24.Ne6 Re8 25.Nxg7 Kxg7 26.Rfd1 e4 27.Rd6 Kh6 28.h3 Ne5 
29.a4 Nf7 30.Rd4 g5 31.Rbd1 Rae7 32.Qc3 Qa6 33.b5 cxb5 34.Rd6+ Nxd6 35.
Rxd6+ Qxd6 36.cxd6 Rd7 37.Qf6+ Kh5 38.g4+ fxg4 39.hxg4+ Kxg4 40.Bh3+ Kxh3 
41.Qf5+ 1-0

[Event "EU-chT Seniors 07th"]
[Site "Dresden"]
[Date "2005.02.21"]
[Round "4"]
[White "Luetje, Juergen"]
[Black "Gergs, Wolfgang"]
[Result "0-1"]
[WhiteElo "2164"]
[BlackElo "2190"]
[EventDate "2005.02.18"]
[PlyCount "76"]

1.d4 Nf6 2.Nf3 e6 3.e3 b6 4.Bd3 Bb7 5.Nbd2 c5 6.c3 Be7 7.Qe2 O-O 8.e4 cxd4
9.cxd4 Nc6 10.O-O Nb4 11.Bb5 d5 12.e5 Ne4 13.a3 a6 14.Ba4 b5 15.Bb3 Nc6 
16.Rd1 Qb6 17.Bc2 Nxd2 18.Bxd2 b4 19.Qd3 g6 20.Bh6 Rfc8 21.Rac1 Rab8 22.
Ng5 Qd8 23.Qg3 b3 24.Qf4 Bxg5 25.Bxg5 bxc2 26.Rd3 Ne7 27.Rf3 Qe8 28.Bf6 
Rc7 29.Rh3 Qf8 30.g4 Re8 31.Rh6 Rc4 32.Qg5 Rxd4 33.f3 Rd1+ 34.Kg2 Rxc1 35.
Qxc1 Rc8 36.Bg5 d4 37.Qe1 Nd5 38.Rxh7 Kxh7 0-1

[Event "EU-chT Seniors 07th"]
[Site "Dresden"]
[Date "2005.02.21"]
[Round "4"]
[White "Meier, Wolfgang"]
[Black "Wilson, Peter JB"]
[Result "1/2-1/2"]
[WhiteElo "2159"]
[BlackElo "2123"]
[EventDate "2005.02.18"]
[PlyCount "62"]

1.c4 f5 2.d4 e6 3.g3 Nf6 4.Bg2 d5 5.Nc3 c6 6.c5 Be7 7.Bf4 Ne4 8.Nf3 Nd7 9.
Be5 Nxe5 10.Nxe5 Bf6 11.f4 Bxe5 12.fxe5 Nxc3 13.bxc3 Qa5 14.Qd2 b6 15.cxb6
axb6 16.O-O O-O 17.Rfb1 Ba6 18.Qb2 Rfb8 19.a4 Bc4 20.Bf1 Ra7 21.Kf2 Rab7 
22.Qb4 Qxb4 23.Rxb4 b5 24.axb5 Rxb5 25.Rxb5 cxb5 26.e3 Rc8 27.Ra3 Rb8 28.
Ra7 Bxf1 29.Kxf1 b4 30.cxb4 Rxb4 31.Re7 Rb6 1/2-1/2

[Event "EU-chT Seniors 07th"]
[Site "Dresden"]
[Date "2005.02.21"]
[Round "4"]
[White "Morgner, Siegfried"]
[Black "Jaeger, Erich"]
[Result "1-0"]
[WhiteElo "1964"]
[BlackElo "2106"]
[EventDate "2005.02.18"]
[PlyCount "71"]

1.Nf3 Nf6 2.d4 g6 3.c4 Bg7 4.Nc3 O-O 5.e4 d6 6.Be2 e5 7.d5 Na6 8.Bg5 h6 9.
Bd2 Nc5 10.Qc2 a5 11.h3 Nh5 12.Qc1 Kh7 13.g4 Nf4 14.Bxf4 exf4 15.Qxf4 Qe7 
16.O-O-O Bxc3 17.bxc3 Nxe4 18.Bd3 Nxf2 19.Rhe1 Nxd3+ 20.Rxd3 Qd8 21.Rde3 
g5 22.Qd4 c5 23.Qd3+ Kg7 24.Re7 Bd7 25.Qe3 Re8 26.Rxe8 Bxe8 27.Nd2 b5 28.
cxb5 Bxb5 29.c4 Be8 30.Ne4 Rb8 31.Qc3+ f6 32.Rf1 Bg6 33.Rxf6 Kh7 34.Rxd6 
Rb1+ 35.Kd2 Qb8 36.Rd7+ 1-0

[Event "EU-chT Seniors 07th"]
[Site "Dresden"]
[Date "2005.02.21"]
[Round "4"]
[White "Mueckan, Friedbert"]
[Black "Kverndal, Leif"]
[Result "1/2-1/2"]
[WhiteElo "2051"]
[BlackElo "1948"]
[EventDate "2005.02.18"]
[PlyCount "26"]

1.e4 c5 2.Nf3 e6 3.Be2 Nc6 4.O-O d5 5.exd5 exd5 6.d4 Be6 7.Re1 Be7 8.c3 
Qb6 9.dxc5 Bxc5 10.Rf1 Nf6 11.b4 Bd6 12.Be3 Qc7 13.h3 O-O 1/2-1/2

[Event "EU-chT Seniors 07th"]
[Site "Dresden"]
[Date "2005.02.21"]
[Round "4"]
[White "Mueller Using, Detlev"]
[Black "Packroff, Hermann"]
[Result "1/2-1/2"]
[WhiteElo "2062"]
[BlackElo "2262"]
[EventDate "2005.02.18"]
[PlyCount "59"]

1.c4 Nf6 2.Nc3 d5 3.cxd5 Nxd5 4.g3 g6 5.Bg2 Nxc3 6.bxc3 Bg7 7.Qb3 Nd7 8.d4
Nb6 9.e4 O-O 10.Ba3 Bd7 11.Ne2 Re8 12.Bc5 Ba4 13.Qa3 Qd7 14.O-O Bb5 15.
Rfe1 Nc4 16.Qc1 b6 17.Ba3 e5 18.Bb2 Nxb2 19.Qxb2 Bxe2 20.Qxe2 exd4 21.Qd3 
Rad8 22.c4 c5 23.a4 Qc7 24.Reb1 Rb8 25.Ra2 Qd7 26.a5 bxa5 27.Rba1 Rb6 28.
Rxa5 Reb8 29.Rxa7 Qc8 30.R1a3 1/2-1/2

[Event "EU-chT Seniors 07th"]
[Site "Dresden"]
[Date "2005.02.21"]
[Round "4"]
[White "Petermann, Harald"]
[Black "Winiwarter, Felix"]
[Result "1/2-1/2"]
[WhiteElo "1998"]
[BlackElo "2204"]
[EventDate "2005.02.18"]
[PlyCount "112"]

1.e4 c5 2.Nf3 Nc6 3.c3 d5 4.exd5 Qxd5 5.d4 Nf6 6.Be3 cxd4 7.cxd4 e6 8.Nc3 
Qd6 9.Be2 Be7 10.O-O O-O 11.Qd2 a6 12.Rac1 Nb4 13.Bf4 Qd8 14.Ne5 Nbd5 15.
Bg3 Bd7 16.Bf3 Rc8 17.Nxd5 Nxd5 18.Bxd5 exd5 19.Nxd7 Qxd7 20.Rxc8 Rxc8 21.
Rc1 h6 22.h3 Bg5 23.Rxc8+ Qxc8 24.f4 Bf6 25.b3 Qf5 26.Bf2 Qe4 27.Be3 Be7 
28.Qc1 Kh7 29.Qd2 Bd6 30.Qf2 f5 31.h4 g5 32.hxg5 hxg5 33.g3 g4 34.Kh2 Kg6 
35.Bd2 Ba3 36.Qe3 Bb2 37.Qxe4 dxe4 38.d5 Kf7 39.Bb4 Ke8 40.Kg2 Bd4 41.Kf1 
Kd7 42.Ke2 b6 43.Ba3 Bc5 44.b4 Be7 45.Ke3 a5 46.Kd4 axb4 47.Bc1 Bc5+ 48.
Ke5 Bf2 49.Kxf5 Bxg3 50.Be3 Be1 51.Kxe4 g3 52.f5 Bc3 53.Bxb6 Kd6 54.Be3 g2
55.Bf4+ Kc5 56.Be3+ Kd6 1/2-1/2

[Event "EU-chT Seniors 07th"]
[Site "Dresden"]
[Date "2005.02.21"]
[Round "4"]
[White "Planas Ferret, Rossen"]
[Black "Krylov, Stanislav"]
[Result "0-1"]
[WhiteElo "2233"]
[BlackElo "2234"]
[EventDate "2005.02.18"]
[PlyCount "90"]

1.d4 Nf6 2.c4 g6 3.Nc3 Bg7 4.e4 d6 5.Nf3 c6 6.Be2 a6 7.a4 a5 8.O-O O-O 9.
Re1 Qc7 10.Bg5 e5 11.Qd2 Bg4 12.d5 Na6 13.Be3 c5 14.Nh4 Bxe2 15.Qxe2 Qd7 
16.f3 Nh5 17.g3 f5 18.Bd2 Nb4 19.Rac1 Nf6 20.Rf1 Rf7 21.b3 Raf8 22.Ng2 
fxe4 23.fxe4 Qh3 24.Ne3 Bh6 25.Qg2 Qd7 26.Nc2 Bxd2 27.Qxd2 Qg4 28.Ne3 Qg5 
29.Qe2 h5 30.Kh1 Ng4 31.Nxg4 hxg4 32.Nb5 Rf3 33.Nc7 Qf6 34.Kg1 Nc2 35.Rxf3
gxf3 36.Qxc2 f2+ 37.Kf1 Qf3 38.Qd1 Qh1+ 39.Ke2 Qxe4+ 40.Kf1 Qh1+ 41.Ke2 
f1=Q+ 42.Qxf1 Rxf1 43.Rxf1 Qxh2+ 44.Rf2 Qxg3 45.Ne6 Qxb3 0-1

[Event "EU-chT Seniors 07th"]
[Site "Dresden"]
[Date "2005.02.21"]
[Round "4"]
[White "Reuben, Stewart"]
[Black "Kuehn, Peter2"]
[Result "1-0"]
[WhiteElo "2147"]
[BlackElo "2026"]
[EventDate "2005.02.18"]
[PlyCount "57"]

1.d4 g6 2.c4 f5 3.Nc3 Nf6 4.Qc2 Bg7 5.e4 Nxe4 6.Nxe4 fxe4 7.Qxe4 O-O 8.Nf3
d6 9.Be2 Nd7 10.Qd5+ Kh8 11.Ng5 Qe8 12.Ne6 Nf6 13.Nxg7 Kxg7 14.Qg5 e5 15.
dxe5 Qxe5 16.Qxe5 dxe5 17.Bd2 Bf5 18.O-O Rae8 19.Rad1 Ne4 20.Be3 b6 21.f3 
Nf6 22.Bd2 e4 23.Bc3 exf3 24.Bxf3 Bc8 25.Bc6 Re6 26.Bd5 Ree8 27.Rxf6 Rxf6 
28.Rf1 Bf5 29.g4 1-0

[Event "EU-chT Seniors 07th"]
[Site "Dresden"]
[Date "2005.02.21"]
[Round "4"]
[White "Richardson, Keith B"]
[Black "Colombo, Paolo"]
[Result "1-0"]
[WhiteElo "2222"]
[BlackElo "2161"]
[EventDate "2005.02.18"]
[PlyCount "57"]

1.e4 c6 2.Nc3 d6 3.d4 Qc7 4.f4 f5 5.Nf3 Nf6 6.Bd3 fxe4 7.Nxe4 Nxe4 8.Bxe4 
Nd7 9.Ng5 Nf6 10.Bxh7 Bg4 11.Bg6+ Kd7 12.Qd3 e6 13.O-O d5 14.Nf7 Bd6 15.
Nxh8 Rxh8 16.b3 Kc8 17.c4 Qe7 18.c5 Bc7 19.b4 Rh6 20.h3 Bh5 21.Bxh5 Rxh5 
22.a4 Ne4 23.b5 Qf6 24.Rb1 Rh6 25.bxc6 bxc6 26.Rf3 Rg6 27.Be3 Kd7 28.Rb7 
a5 29.Qa6 1-0

[Event "EU-chT Seniors 07th"]
[Site "Dresden"]
[Date "2005.02.21"]
[Round "4"]
[White "Rotelli, Pietro"]
[Black "MacDonald Ross, Michael"]
[Result "0-1"]
[WhiteElo "2005"]
[BlackElo "2195"]
[EventDate "2005.02.18"]
[PlyCount "78"]

1.d4 d5 2.c4 e6 3.Nf3 Nf6 4.Nc3 Be7 5.e3 O-O 6.Bd3 b6 7.O-O Bb7 8.cxd5 
exd5 9.Ne5 c5 10.Re1 Nbd7 11.f4 Ne8 12.Qg4 Ndf6 13.Qf3 Nd6 14.Bd2 Nfe4 15.
Rad1 f6 16.Ng4 Qe8 17.a4 Nxc3 18.Bxc3 Qxa4 19.Qg3 Kh8 20.Qh3 Ne4 21.Bxe4 
dxe4 22.f5 c4 23.Nf2 Bd5 24.g4 Qc6 25.Qg2 a5 26.Nh3 Bd6 27.Rf1 b5 28.Nf4 
Bxf4 29.Rxf4 b4 30.Be1 c3 31.bxc3 b3 32.h4 a4 33.g5 a3 34.gxf6 gxf6 35.Kh1
Rg8 36.Rg4 Rxg4 37.Qxg4 a2 38.h5 a1=Q 39.h6 Rg8 0-1

[Event "EU-chT Seniors 07th"]
[Site "Dresden"]
[Date "2005.02.21"]
[Round "4"]
[White "Schmidt, Wolfgang3"]
[Black "Kortschnoj, Viktor"]
[Result "0-1"]
[WhiteElo "2317"]
[BlackElo "2617"]
[EventDate "2005.02.18"]
[PlyCount "94"]

1.d4 Nf6 2.c4 e6 3.Nc3 Bb4 4.Qc2 d6 5.Bg5 c5 6.e3 Nbd7 7.Bd3 Qa5 8.Ne2 
cxd4 9.Bxf6 Nxf6 10.exd4 d5 11.O-O dxc4 12.Bxc4 O-O 13.Rfd1 Bd7 14.d5 e5 
15.a3 Bd6 16.Rac1 Rac8 17.Ba2 Bg4 18.f3 Bh5 19.Ng3 Bg6 20.Qd2 Rfd8 21.Nge4
Nxe4 22.fxe4 b5 23.Bb1 b4 24.axb4 Bxb4 25.Kh1 h6 26.Qd3 Rb8 27.Bc2 Qb6 28.
Ba4 Qf2 29.Rd2 Qh4 30.Re2 Rbc8 31.Rf1 Rc5 32.Bb3 Qg4 33.h3 Qc8 34.Na2 Ba5 
35.Kh2 Rd6 36.Rff2 Bb6 37.Rc2 Qd8 38.Rxc5 Bxc5 39.Rc2 Bd4 40.Nb4 Qh4 41.
Re2 Qf4+ 42.g3 Qf1 43.Qd1 Bg1+ 44.Kh1 Bxe4+ 45.Rxe4 Qxh3+ 46.Kxg1 Qxg3+ 
47.Kf1 Rf6+ 0-1

[Event "EU-chT Seniors 07th"]
[Site "Dresden"]
[Date "2005.02.21"]
[Round "4"]
[White "Schroeder, Christian"]
[Black "Edwards, Raymond"]
[Result "0-1"]
[WhiteElo "2079"]
[BlackElo "2104"]
[EventDate "2005.02.18"]
[PlyCount "58"]

1.c4 e5 2.Nc3 d6 3.g3 Be6 4.Bg2 Nc6 5.d3 g6 6.e3 Bg7 7.Nge2 Qd7 8.Nd5 Nd8 
9.e4 c6 10.Ne3 Bh3 11.O-O Bxg2 12.Kxg2 Ne7 13.f4 exf4 14.Nxf4 O-O 15.d4 
Ne6 16.d5 Nxf4+ 17.Rxf4 Rae8 18.Rb1 f5 19.exf5 Nxf5 20.Nxf5 Rxf5 21.Qf3 
Rfe5 22.Qd3 cxd5 23.Rf2 dxc4 24.Qxc4+ d5 25.Qd3 Re4 26.Bf4 Bd4 27.Rc2 Qg4 
28.Rf1 Re2+ 29.Kh1 Qh3 0-1

[Event "EU-chT Seniors 07th"]
[Site "Dresden"]
[Date "2005.02.21"]
[Round "4"]
[White "Schwertel, Johann"]
[Black "Mueller, Siegmar"]
[Result "1/2-1/2"]
[WhiteElo "2051"]
[BlackElo "2089"]
[EventDate "2005.02.18"]
[PlyCount "74"]

1.d4 b6 2.Nf3 e6 3.Bf4 Bb7 4.e3 d5 5.Bd3 Bd6 6.Bg3 Nf6 7.Nbd2 Nc6 8.c3 Ne7
9.Qe2 Nf5 10.e4 Nxg3 11.hxg3 dxe4 12.Nxe4 h6 13.Rd1 O-O 14.Nxd6 Qxd6 15.
O-O Bxf3 16.gxf3 Rad8 17.Rd2 c5 18.dxc5 Qxc5 19.Rfd1 Rd5 20.Bb1 Rfd8 21.c4
Rxd2 22.Rxd2 Rxd2 23.Qxd2 Qc7 24.b4 Qd7 25.Qc2 g6 26.Kg2 Qc6 27.Qc3 Nd5 
28.Qb3 Ne7 29.a4 Nf5 30.Bxf5 exf5 31.a5 bxa5 32.bxa5 Qc7 33.Qb5 f4 34.a6 
fxg3 35.fxg3 Qd6 36.c5 Qd2+ 37.Kh3 Qd1 1/2-1/2

[Event "EU-chT Seniors 07th"]
[Site "Dresden"]
[Date "2005.02.21"]
[Round "4"]
[White "Shapiro, Yosip"]
[Black "Hagen, Horst"]
[Result "1-0"]
[WhiteElo "2123"]
[BlackElo "1926"]
[EventDate "2005.02.18"]
[PlyCount "97"]

1.e4 c5 2.Nf3 d6 3.d4 cxd4 4.Nxd4 Nf6 5.Nc3 a6 6.Be2 e6 7.a4 b6 8.Bf3 e5 
9.Nf5 d5 10.Bg5 d4 11.Nd5 Be6 12.c3 dxc3 13.Nxf6+ gxf6 14.Qxd8+ Kxd8 15.
Bxf6+ Kc8 16.Rc1 Rg8 17.Rxc3+ Kb7 18.Ne7 Bxe7 19.Bxe7 Nc6 20.Bf6 Rg6 21.
Bh4 Nd4 22.Bg3 f6 23.Bh5 Rg5 24.Bd1 Rgg8 25.O-O Rac8 26.f4 Rxc3 27.bxc3 
Nc6 28.Bc2 Bc4 29.Rd1 Kc7 30.Kf2 b5 31.Kf3 Re8 32.Bh4 Rf8 33.f5 b4 34.cxb4
Nd4+ 35.Rxd4 exd4 36.g4 h6 37.Bg3+ Kc6 38.Bf4 Rh8 39.h4 Rh7 40.Bd1 Kd7 41.
Kg3 Rh8 42.e5 Ke7 43.exf6+ Kxf6 44.Bxh6 Rxh6 45.g5+ Kxf5 46.gxh6 Kg6 47.
Kf4 Kxh6 48.Ke4 d3 49.Kd4 1-0

[Event "EU-chT Seniors 07th"]
[Site "Dresden"]
[Date "2005.02.21"]
[Round "4"]
[White "Simmchen, Werner"]
[Black "Pemberton, Clive H"]
[Result "1-0"]
[WhiteElo "2125"]
[BlackElo "2025"]
[EventDate "2005.02.18"]
[PlyCount "81"]

1.d4 Nf6 2.Nc3 e6 3.e4 Bb4 4.e5 Nd5 5.Qg4 g6 6.a3 f5 7.Qg3 Nxc3 8.bxc3 Be7
9.h4 d5 10.Nf3 Kd7 11.c4 c6 12.Bd2 Qb6 13.Bc3 Na6 14.cxd5 cxd5 15.Be2 Qc6 
16.Bd2 Qa4 17.O-O Nc7 18.Rfb1 b6 19.c3 Ba6 20.Bd1 Qc6 21.Ne1 Bc4 22.Nc2 a5
23.a4 Rhb8 24.Na3 Ba6 25.Nb5 Rb7 26.Be2 Rbb8 27.Ra2 Rb7 28.Rc2 Kd8 29.Bg5 
Qe8 30.Nd6 Qxa4 31.Nxb7+ Bxb7 32.Bxe7+ Kxe7 33.Qg5+ Kf7 34.Rcb2 Ba6 35.
Qf6+ Kg8 36.Bxa6 Rf8 37.Qe7 Nxa6 38.Rxb6 Qc2 39.Qxe6+ Kg7 40.Rb7+ Kh6 41.
Qe7 1-0

[Event "EU-chT Seniors 07th"]
[Site "Dresden"]
[Date "2005.02.21"]
[Round "4"]
[White "Stavenhagen, Johannes"]
[Black "Denda, Ronald"]
[Result "1/2-1/2"]
[WhiteElo "1848"]
[BlackElo "2051"]
[EventDate "2005.02.18"]
[PlyCount "57"]

1.d4 d5 2.c4 e6 3.Nc3 Nf6 4.Bg5 Nbd7 5.cxd5 exd5 6.Nf3 c6 7.a3 Be7 8.Qc2 
h6 9.Bf4 Nh5 10.Bd2 Nhf6 11.h3 Nf8 12.e3 Be6 13.Bd3 Bd6 14.Na4 N8d7 15.Nc5
Nxc5 16.dxc5 Bc7 17.Bc3 Qe7 18.Bd4 O-O-O 19.b4 a6 20.a4 Kd7 21.O-O Rhg8 
22.b5 axb5 23.axb5 Ra8 24.b6 Rxa1 25.Rxa1 Bb8 26.Kf1 Rd8 27.Qb2 Ke8 28.Rc1
Kf8 29.Bb1 1/2-1/2

[Event "EU-chT Seniors 07th"]
[Site "Dresden"]
[Date "2005.02.21"]
[Round "4"]
[White "Strand, Karl W"]
[Black "Landgraf, Siegfried"]
[Result "0-1"]
[WhiteElo "1838"]
[BlackElo "2161"]
[EventDate "2005.02.18"]
[PlyCount "100"]

1.e4 g6 2.Bc4 Bg7 3.Nc3 d6 4.Nf3 e6 5.O-O Ne7 6.Re1 a6 7.a3 Nd7 8.d3 h6 9.
Rb1 b5 10.Ba2 Rb8 11.Bd2 c5 12.Ne2 Nc6 13.Bc3 e5 14.b4 Nb6 15.Bd5 Nd4 16.
Bxd4 cxd4 17.Bc6+ Kf8 18.Bd5 Nxd5 19.exd5 Bg4 20.Ng3 Rc8 21.Ne4 f5 22.Ned2
Qc7 23.Rb2 Qb7 24.h3 Bh5 25.g4 fxg4 26.hxg4 Bxg4 27.Re4 Bf5 28.Nh4 Qxd5 
29.Nxg6+ Bxg6 30.Qg4 Rd8 31.Qxg6 Qf7 32.Qg2 Bf6 33.Rg4 d5 34.Kf1 h5 35.Rg3
Ke7 36.Nb3 h4 37.Rh3 Qh5 38.Rb1 Rhg8 39.Qh1 Rg7 40.Re1 Rdg8 41.Qf3 Rg1+ 
42.Ke2 Rxe1+ 43.Kxe1 Qxf3 44.Rxf3 Rg1+ 45.Ke2 Bg5 46.Rf5 Ke6 47.Rf3 Bf4 
48.Nxd4+ Kf6 49.Nb3 Kf5 50.Nd2 Kg4 0-1

[Event "EU-chT Seniors 07th"]
[Site "Dresden"]
[Date "2005.02.21"]
[Round "4"]
[White "Stuerzenbaum, Arthur"]
[Black "Braun, Gottfried"]
[Result "0-1"]
[WhiteElo "2202"]
[BlackElo "2331"]
[EventDate "2005.02.18"]
[PlyCount "58"]

1.e4 c6 2.d4 d5 3.e5 c5 4.dxc5 e6 5.Be3 Nh6 6.c3 Nf5 7.Bd4 Bd7 8.Nf3 Nc6 
9.Be2 Nfxd4 10.cxd4 b6 11.cxb6 Qxb6 12.O-O Qxb2 13.Nbd2 Bb4 14.Qb3 Qxb3 
15.Nxb3 Ba3 16.Rfd1 Rb8 17.Ne1 O-O 18.Nd3 Rfc8 19.Rd2 Be8 20.Bd1 a5 21.Kf1
a4 22.Nbc5 Nxd4 23.Bxa4 Bxa4 24.Nxa4 Nc2 25.Rad1 Rc4 26.g3 Kf8 27.Kg2 Ke7 
28.Kf1 Nd4 29.Nab2 Nf3 0-1

[Event "EU-chT Seniors 07th"]
[Site "Dresden"]
[Date "2005.02.21"]
[Round "4"]
[White "Titz, Heimo"]
[Black "Degenhardt, Norbert"]
[Result "1-0"]
[WhiteElo "2176"]
[BlackElo "2134"]
[EventDate "2005.02.18"]
[PlyCount "125"]

1.c4 Nf6 2.Nc3 e6 3.d4 Bb4 4.Qc2 b6 5.a3 Bxc3+ 6.Qxc3 Bb7 7.Bg5 d6 8.f3 
Nbd7 9.Nh3 Qe7 10.e4 e5 11.d5 h6 12.Be3 O-O 13.Be2 a5 14.b3 Nh7 15.O-O Ng5
16.Nxg5 hxg5 17.b4 axb4 18.axb4 f6 19.Rfc1 Rxa1 20.Rxa1 Ra8 21.Rxa8+ Bxa8 
22.Qa3 Qf8 23.Bd1 Bb7 24.Qa7 Qb8 25.Qxb8+ Nxb8 26.Ba4 Na6 27.Bd2 Kf8 28.
Kf2 Ke7 29.Kg3 Bc8 30.h4 gxh4+ 31.Kxh4 g6 32.g4 Nb8 33.Be3 g5+ 34.Kg3 Bd7 
35.Bb3 Na6 36.Bd2 Kd8 37.Kf2 Kc8 38.Ke3 Kb7 39.Kd3 Nb8 40.Be3 Na6 41.Kc3 
Be8 42.Bd1 Bd7 43.Kb3 Be8 44.Ka3 Bd7 45.Ba4 Nb8 46.c5 Bxa4 47.Kxa4 bxc5 
48.bxc5 dxc5 49.Bxc5 c6 50.Be7 Nd7 51.Kb4 cxd5 52.exd5 Kb6 53.Bd8+ Kb7 54.
Kb5 Kc8 55.Be7 Kc7 56.Ka6 Nb8+ 57.Ka5 Nd7 58.Kb5 Kb7 59.d6 Kc8 60.Kc6 e4 
61.fxe4 Ne5+ 62.Kd5 Kd7 63.Bxf6 1-0

[Event "EU-chT Seniors 07th"]
[Site "Dresden"]
[Date "2005.02.21"]
[Round "4"]
[White "Titz, Herbert"]
[Black "Dorawa, Bernhard"]
[Result "0-1"]
[WhiteElo "2089"]
[BlackElo "2066"]
[EventDate "2005.02.18"]
[PlyCount "76"]

1.e4 e6 2.d4 d5 3.Nd2 dxe4 4.Nxe4 Nd7 5.Nf3 Ngf6 6.Nxf6+ Nxf6 7.Bd3 c5 8.
O-O cxd4 9.Nxd4 Bc5 10.Nb3 Be7 11.Qf3 Qc7 12.Re1 Bd6 13.h3 O-O 14.Nd4 Bd7 
15.c3 a6 16.Bg5 Bc6 17.Nxc6 Qxc6 18.Qxc6 bxc6 19.Rad1 Rfd8 20.Kf1 Be7 21.
Be2 Kf8 22.Rxd8+ Bxd8 23.Rd1 h6 24.Bh4 g5 25.Bg3 Be7 26.c4 Ne4 27.Bc7 Rc8 
28.Ba5 Bc5 29.Be1 e5 30.f3 Nf6 31.Bc3 Re8 32.b4 Ba7 33.Rd6 Nh5 34.Rxc6 
Ng3+ 35.Ke1 Bd4 36.Bd2 e4 37.Rxa6 exf3 38.Rd6 Rxe2+ 0-1

[Event "EU-chT Seniors 07th"]
[Site "Dresden"]
[Date "2005.02.21"]
[Round "4"]
[White "Tochtermann, Georg"]
[Black "Zanger, Konrad"]
[Result "1/2-1/2"]
[WhiteElo "2000"]
[BlackElo "1603"]
[EventDate "2005.02.18"]
[PlyCount "95"]

1.e4 c6 2.d4 d5 3.e5 Bf5 4.Nf3 e6 5.Be2 h6 6.O-O Nd7 7.c4 b6 8.cxd5 cxd5 
9.Nc3 Bg4 10.Be3 Ne7 11.Nb5 Nf5 12.Rc1 Rc8 13.Rxc8 Qxc8 14.Nxa7 Qb7 15.Nb5
Be7 16.Qd2 O-O 17.Rc1 Rc8 18.Rxc8+ Qxc8 19.Qc3 Qa6 20.Qc6 Nf8 21.a3 g5 22.
Nc3 Qa7 23.h3 Bxf3 24.Bxf3 Kg7 25.Bh5 Nh4 26.g3 Nhg6 27.Kg2 Qb8 28.Nb5 f6 
29.exf6+ Bxf6 30.Bxg6 Kxg6 31.f4 Qd8 32.Qc7 Qxc7 33.Nxc7 gxf4 34.gxf4 Kf5 
35.Kf3 Ng6 36.Ne8 Be7 37.Ng7+ Kf6 38.Nh5+ Kf7 39.Kg4 Nh4 40.Ng3 Kg6 41.Bd2
Nf5 42.Nxf5 h5+ 43.Kf3 Kxf5 44.b4 b5 45.Ke3 Bd6 46.Kf2 Bb8 47.Be3 Bc7 48.
Kf3 1/2-1/2

[Event "EU-chT Seniors 07th"]
[Site "Dresden"]
[Date "2005.02.21"]
[Round "4"]
[White "Turikov, Viktor"]
[Black "Rodriguez Vargas, Orestes"]
[Result "1/2-1/2"]
[WhiteElo "2351"]
[BlackElo "2439"]
[EventDate "2005.02.18"]
[PlyCount "121"]

1.e3 g6 2.Nf3 Bg7 3.c4 c5 4.Be2 Nf6 5.Nc3 O-O 6.O-O Nc6 7.a3 d5 8.cxd5 
Nxd5 9.Qc2 b6 10.d3 Bb7 11.Bd2 Rc8 12.Qa4 e6 13.Rab1 a6 14.Nxd5 exd5 15.
Qf4 b5 16.Rfc1 Qe7 17.Bf1 Rfe8 18.Bc3 d4 19.exd4 cxd4 20.Bd2 Qd7 21.Re1 
Ne7 22.Rbc1 h6 23.Bb4 Nd5 24.Qd6 Qf5 25.Rxe8+ Rxe8 26.Bd2 g5 27.Qc5 Qf6 
28.Qa7 Ba8 29.Re1 Rd8 30.Ba5 Rc8 31.Qd7 Rf8 32.Nd2 Bc6 33.Qa7 Ra8 34.Qc5 
Bf8 35.Qc1 Rc8 36.Ne4 Qg6 37.Qd1 Nf4 38.Bd2 Ne6 39.Ng3 Bd5 40.Re5 Bb7 41.
Re1 Bd6 42.Ne4 Bf4 43.Bxf4 Nxf4 44.Qd2 Kg7 45.Qb4 Ne6 46.Nd6 Rb8 47.Nxb7 
Rxb7 48.Qd6 Qf5 49.g3 b4 50.Bg2 Rb5 51.a4 Rc5 52.Qxa6 Rc2 53.Rf1 Rxb2 54.
Be4 Qc5 55.Qb5 b3 56.Bd5 Qxb5 57.axb5 Nc5 58.b6 Rc2 59.Bxb3 Rb2 60.Bc4 
Rxb6 61.Ra1 1/2-1/2

[Event "EU-chT Seniors 07th"]
[Site "Dresden"]
[Date "2005.02.21"]
[Round "4"]
[White "Uhlmann, Wolfgang"]
[Black "Gaprindashvili, Nona"]
[Result "1/2-1/2"]
[WhiteElo "2420"]
[BlackElo "2309"]
[EventDate "2005.02.18"]
[PlyCount "80"]

1.c4 g6 2.d4 d6 3.e4 Nd7 4.Nf3 e5 5.Nc3 Bg7 6.Be2 c6 7.O-O f6 8.b4 Nh6 9.
c5 dxc5 10.dxc5 O-O 11.Qb3+ Nf7 12.Rd1 Qe7 13.a4 a5 14.Ba3 axb4 15.Bxb4 
Re8 16.a5 Nf8 17.Na4 Be6 18.Qc2 f5 19.Nb6 Rad8 20.Nc4 fxe4 21.Nfd2 Bf5 22.
Nxe4 Ne6 23.Ncd6 Nxd6 24.cxd6 Qh4 25.f3 Nd4 26.Bc4+ Kh8 27.Qf2 Qxf2+ 28.
Kxf2 Bxe4 29.fxe4 Rd7 30.Be2 Bf8 31.Bg4 Rf7+ 32.Bf3 c5 33.Bxc5 Nb3 34.Bb6 
Bxd6 35.Rab1 Nd4 36.Ke3 Bc7 37.Bxd4 exd4+ 38.Rxd4 Bxa5 39.Kd3 Rc7 40.Rb3 
Be1 1/2-1/2

[Event "EU-chT Seniors 07th"]
[Site "Dresden"]
[Date "2005.02.21"]
[Round "4"]
[White "Vager, Boris"]
[Black "Montell Zabay, Albert"]
[Result "1-0"]
[WhiteElo "2248"]
[BlackElo "2121"]
[EventDate "2005.02.18"]
[PlyCount "87"]

1.d4 Nf6 2.Nf3 g6 3.Bf4 c5 4.c3 cxd4 5.cxd4 d6 6.e3 Nh5 7.Bg5 h6 8.Bh4 g5 
9.Bg3 Bg7 10.Bd3 Qb6 11.Qc2 Nc6 12.a3 Nxg3 13.hxg3 Bd7 14.Nc3 Rc8 15.Rb1 
e6 16.Qe2 Ke7 17.Nd2 d5 18.g4 Rhe8 19.O-O Kd8 20.g3 a6 21.Na4 Qc7 22.Nc5 
e5 23.Nxd7 Qxd7 24.Bf5 Qd6 25.Bxc8 Kxc8 26.dxe5 Bxe5 27.Nf3 Bg7 28.Qd3 Kb8
29.Rfd1 d4 30.exd4 Nxd4 31.Nxd4 Bxd4 32.Kg2 Qc6+ 33.Qf3 Qb6 34.Rd2 f6 35.
Rbd1 Be5 36.b4 Rc8 37.Qe4 Rc3 38.Rd3 Rc8 39.R1d2 Rh8 40.Qd5 Bc7 41.Qe4 Qb5
42.Rd7 Rc8 43.Rf7 Re8 44.Qd5 1-0